000
00276nam a2200121 a 4500
001
4140
005
20140414132022.0
008
090218s19uu xx 00 eng d
050
_a
TR
_b
J98 2000
100
_a
Stamper, Judith Bauer
245
_a
Just in time.
999
_c
113489
_d
113489